| 000 | 00551nam a22002057a 4500 | ||
|---|---|---|---|
| 003 | NUST-PNEC | ||
| 005 | 20170116180711.0 | ||
| 008 | 141009b xxu||||| |||| 00| 0 eng d | ||
| 020 | _a0070209811 | ||
| 040 | _cPNEC | ||
| 082 | _a621.381 FIN | ||
| 100 |
_9525 _aFink, Donald G. |
||
| 245 |
_aElectronics engineers' handbook _cDonald G. Fink |
||
| 250 | _a2nd ed. | ||
| 260 |
_aNew York : _bMcGraw-Hill Book Company _cc1986. |
||
| 300 |
_a1 v. (various pagings) : _b ill. ; _c25 cm. |
||
| 500 | _aIncludes Index | ||
| 650 | _xEL | ||
| 942 |
_2ddc _cBK |
||
| 999 |
_c60942 _d60942 |
||